| 000 | 01186nam a22003137a 4500 | ||
|---|---|---|---|
| 999 |
_c16098 _d16098 |
||
| 003 | EG-ScBUE | ||
| 005 | 20191214105408.0 | ||
| 008 | 110928r20102009enka f 000 0 eng d | ||
| 020 | _a9780521716338 | ||
| 040 |
_aEG-ScBUE _beng _erda _cEG-ScBUE _dEG-ScBUE |
||
| 082 | 0 | 4 |
_a428.24 _bLEV _222 |
| 100 | 1 |
_927392 _aLevy, Meredith, _eauthor. |
|
| 245 | 1 | 0 |
_aPairwork and groupwork : _bmulti-level photocopiable activities for teenagers / _cMeredith Levy, Nicholas Murgatroyd. |
| 250 | _aReprint edition. | ||
| 264 | 1 |
_aCambridge : _bCambridge University Press, _c2010. |
|
| 300 |
_a119 pages : _billustrations ; _c30 cm. |
||
| 336 |
_2rdacontent _atext _btxt |
||
| 337 |
_2rdamedia _aunmediated _bn |
||
| 338 |
_2rdacarrier _avolume _bnc |
||
| 490 | 0 | _aCambridge copy collection | |
| 520 | _aA rich resource for stimulating extra communication practice in pairs and groups. | ||
| 590 | _aamira yasser | ||
| 650 | 7 |
_aEnglish language _xComposition and exercises. _2BUEsh _910202 |
|
| 650 | 7 |
_aEnglish language _xStudy and teaching. _2BUEsh _910318 |
|
| 653 |
_cSeptember2011 _bHHUUEENN |
||
| 655 | _vReading book | ||
| 700 | 1 |
_927391 _aMurgatroyd, Nicholas, _4author. |
|
| 942 |
_2ddc _cBB |
||